| 000 | 00361nam a2200133 a 4500 | ||
|---|---|---|---|
| 005 | 20140414131936.0 | ||
| 008 | 110119s19uu xx 00 eng d | ||
| 050 |
_aREF 611 _bP22 2000 |
||
| 100 | _aParker, Steve | ||
| 245 |
_aBody atlas digestion : _bnutrition and reproduction. |
||
| 260 |
_bWS Pacific, _c2006. |
||
| 650 | _aDigestive system | ||
| 999 |
_c112438 _d112438 |
||